| 000 | 01028cam a22002651 4500 | ||
|---|---|---|---|
| 001 | 000018328 | ||
| 005 | 20200929165446.0 | ||
| 008 | 761020s1950 ilua j 000 1 eng | ||
| 035 | _a(DLC) 50006722 | ||
| 035 | _a(OCoLC)2516218 | ||
| 040 |
_aDO-SdBNP _cTxViHU _dOCoLC _dDLC _dBNPHU |
||
| 050 | 0 | 0 |
_aPZ5.S23 _bEi |
| 082 |
_axxxxxx _bE347t |
||
| 245 | 0 | 0 |
_aEight treasured stories, / _cadaptación Mary Yost Sandrus , Gertrude Moderow , Ernest C. Noyes ; ilustración Fritz Kredel. |
| 260 |
_aChicago : _bScott, Foresman, _c1950. |
||
| 300 |
_av, 287 p. : _bil. ; _c22 cm. |
||
| 505 | 0 | _aA Christmas carol.--The legend of Sleepy Hollow.--Rip Van Winkle.--Ulysses and the cyclops.--The necklace.--The golden touch.--The jumping frog.--The lady or the tiger. | |
| 650 | 0 |
_aChildren's stories. _939695 |
|
| 700 | 1 |
_aYost Sandrus, Mary _939696 |
|
| 700 | 1 |
_aModerow, Gertrude _939697 |
|
| 700 | 1 |
_aNoyes, Ernest C. _939698 |
|
| 700 | 1 |
_aKredel, Fritz, _eil. _939699 |
|
| 910 | _aCatalogación por derivada / LC | ||
| 049 | _aBNGR | ||
| 999 |
_c17849 _d17849 |
||